La adolescencia normal: un enfoque psicoanalítico
محفوظ في:
| المؤلفون الرئيسيون: | , |
|---|---|
| التنسيق: | كتاب |
| اللغة: | الإسبانية |
| منشور في: |
Cuernavaca
Paidós
1988
|
| الطبعة: | 1a. ed |
| سلاسل: | Paidós Educador, 57
|
| الموضوعات: | |
| الوسوم: |
إضافة وسم
لا توجد وسوم, كن أول من يضع وسما على هذه التسجيلة!
|
MARC
| LEADER | 00000cam a2200000 a 4500 | ||
|---|---|---|---|
| 001 | UCD7594 | ||
| 003 | CL-VaPUC | ||
| 008 | 170331e19880000mx |||||||||||||||||spa|d | ||
| 020 | |a 9789688532614 | ||
| 082 | 0 | 4 | |a 155.5 |b ABE |2 21 |
| 100 | 0 | |a Aberastury, Arminda |e author |9 591597 | |
| 700 | 0 | |a Knobel, Mauricio |e author |9 591598 | |
| 245 | 1 | 3 | |a La adolescencia normal: un enfoque psicoanalítico |
| 250 | |a 1a. ed | ||
| 300 | |a 163 p | ||
| 942 | |c BK | ||
| 945 | |d 20170331 00:58:00 |a dcastane | ||
| 260 | |a Cuernavaca |b Paidós |c 1988 | ||
| 650 | 0 | |a Psicología del adolescente |9 307864 | |
| 650 | 0 | |a Psicología del desarrollo |9 307541 | |
| 650 | 0 | |a Adolescentes |9 308058 | |
| 650 | 0 | |a Trastornos de la personalidad |9 307698 | |
| 583 | |a last modification |c 20170331 00:58:00 |k Rodrigo Vera | ||
| 490 | 0 | |a Paidós Educador, 57 | |
| 999 | |c 367570 |d 367568 | ||
| 952 | |0 0 |1 0 |3 erb |4 0 |6 155_500000000000000_ABE_1988 |7 0 |8 A |9 482545 |a BIBEDU |b BIBEDU |i 5370531 |l 1 |o 155.5 ABE 1988 |p 5370531 |r 2023-08-25 |s 2023-08-17 |w 2019-11-24 |y BK |z Catalogado en:20170331 |k EBA | ||
| 952 | |0 0 |1 0 |3 erb |4 0 |6 155_500000000000000_ABE_1988 |7 0 |8 A |9 482546 |a BIBEDU |b BIBEDU |i 5370523 |o 155.5 ABE 1988 |p 5370523 |r 2019-11-24 |w 2019-11-24 |y BK |z Catalogado en:20170331 |k EBA | ||
| 952 | |0 0 |1 0 |3 erb |4 0 |6 155_500000000000000_ABE_1988 |7 0 |8 A |9 482547 |a BIBEDU |b BIBEDU |i 5370515 |o 155.5 ABE 1988 |p 5370515 |r 2019-11-24 |w 2019-11-24 |y BK |z Catalogado en:20170331 |k EBA | ||